| 000 | 01220nam a22002657 4500 | ||
|---|---|---|---|
| 999 |
_c1115 _d1115 |
||
| 003 | AR-BaISA | ||
| 005 | 20220920185826.0 | ||
| 007 | ta | ||
| 008 | 220920s1985 xxuado|| |||| 001 0 spa d | ||
| 020 | _a9275710074 | ||
| 040 |
_bspa _cAR-BaISA |
||
| 082 | 0 | 4 |
_222 _a371.7 T227 |
| 245 | _aTécnicas para una estrategia de comunicación en salud | ||
| 260 |
_aWashington: _bOrganización Panamericana de la Salud, _c1985 |
||
| 300 |
_aVIII, 108 p.: _bil., fotos, gráfs., tablas |
||
| 490 | 1 |
_aPALTEX para técnicos medios y auxiliares _v; 11 |
|
| 504 | _aBibliografía p.: 107-108. | ||
| 504 | _aÍndice analítico p.: 101-105. | ||
| 505 |
_tSistemas de aprendizaje propios de la comunidad -- _tTécnicas educativas -- _tAnálisis de las técnicas educativas -- _tEvaluación de las estrategias de comunicación -- _tAnexo 1: técnicas y métodos de educación no formal. Algunas experiencias en América Latina -- _tAnexo 2: materiales de apoyo complementarios y combinación de técnicas educativas |
||
| 650 | 1 | 0 |
_91396 _aComunicación en salud |
| 650 | 1 | 0 |
_9849 _aEducación en salud |
| 650 | 1 | 0 |
_91526 _aEstrategias educativas |
| 830 |
_92560 _aPALTEX para técnicos medios y auxiliares _v11 |
||
| 942 |
_2ddc _cLI _e22 |
||